000 01142nam a22003258a 4500
001 013772235
003 EG-ScBUE
005 20220327133633.0
008 070613s2007 nyu f 000 p eng d
020 _a006124418X
020 _a9780061244186
040 _aEG-ScBUE
_beng
_erda
_cEG-ScBUE
_dEG-ScBUE
041 1 _aeng
_hgrc
082 0 4 _a883.01
_222
_bHOM
100 0 _aHomer,
_eauthor.
_930440
245 1 4 _aThe Odyssey of Homer /
_ctranslated and with an introduction by Richmond Lattimore.
264 1 _aNew York :
_bHarper Perennial Modern Classics,
_c2007.
300 _a1 volume (various pagings) ;
_c21 cm
336 _2rdacontent
_atext
_btxt
337 _2rdamedia
_aunmediated
_bn
338 _2rdacarrier
_avolume
_bnc
546 _aText in English ; translated from the original Ancient Greek.
650 7 _aOdysseus (Greek mythology)
_vPoetry.
_930441
_2BUEsh
650 7 _aEpic poetry, Greek.
_930442
_2BUEsh
651 _2BUEsh
653 _cJuly2012
_bGGEN
655 _vReading book
_934232
700 1 _aLattimore, Richmond Alexander,
_d1906-1984,
_etranslator.
_eauthor of introduction, etc.
_930443
942 _2ddc
_cBB
999 _c16836
_d16836